00803cam a2200229 4500001001300000003000400013005001700017008004100034010002200075025001900097043001200116050001800128082002300146110002700169245017100196260003800367300005700405350000900462650004700471700003800518999001700556sa 68017497 DLC20260227112703.0710520s1965 ii abc 00000 eng  asa 68017497 //r85 aPL480:I-E-9985 aa-ii---0 aTK1504.M9bA4 a621.312/134/09548710aMysore (India : State)10aSharavathy Valley hydro-electric project;bcommissioning of the Sharavathy Power Stationcby Shri Lal Bahadur Shastri, Prime Minister of India, on 24th January, 1965.0 a[Bangalore,bGovt. Press,c1965?] a95 p.billus., maps (part col.), ports.c17 x 25 cm. a5.00 0aHydroelectric power plantszIndiazMysore.10aShastri, Lal Bahadur,d1904-1966. c87754d87754